000 00282nam a2200109Ia 4500
005 20251222144842.0
008 251222s9999||||xx |||||||||||||| ||spa||
082 _a251.318.5/A64
100 _aAparicio Quispe, Severo
245 0 _aSiete Obispos Cuzqueños de la Colonia
942 _cLIB
999 _c21273
_d21273